Громадська і наукова діяльність Євгена Храпливого (1898–1949 рр.) (Запис № 459730)
[ простий вигляд ]
| 000 -Лідер | |
|---|---|
| fixed length control field | 02889nam a22002657a 4500 |
| 001 - Контрольний номер | |
| control field | 216218709 |
| 003 - Ідентифікатор контрольного номера | |
| control field | UA-OsUOA |
| 005 - Дата та час останнього входження (трансакції) | |
| control field | 20201228131409.0 |
| 008 - Елементи даних фіксованої довжини – загальна інформація | |
| fixed length control field | 200627b un ||||| m||| 00| 0 ukr d |
| 040 ## - Джерело каталогізації | |
| Агенція оригінальної каталогізації | UA-OsUOA |
| Мова каталогізації | ukr |
| Агенція, яка здійснювала перезапис | UA-OsUOA |
| Агенція, яка здійснювала модифікацію | UA-OsUOA |
| 041 ## - Код мови | |
| Код мови тексту/ звукової доріжки чи окремого заголовка (П) | ukr |
| 080 ## - Індекс Універсальної десяткової класифікації | |
| Індекс Універсальної десяткової класифікації (УДК) (НП) | 94(477)(092) |
| 090 ## - Локальний шифр розміщення | |
| Класифікаційний індекс УДК | 94(477)(092) |
| 095 ## - Код спеціальності для авторефератів | |
| Код спеціальності | 07.00.01 |
| Назва спеціальності | історія України |
| 100 ## - Основне введення – ім’я особи | |
| Ім’я особи (НП) | Лубковим Н. 3. |
| 245 ## - Відомості про назву | |
| Назва (НП) | Громадська і наукова діяльність Євгена Храпливого (1898–1949 рр.) |
| Дані про відповідальність (НП) | Лубковим Наталія Зіновіївна ; наук. керівник Зуляк Іван Степанович |
| 260 ## - Публікація, розповсюдження і т.п. (Вихідні дані) | |
| Місце публікації, розповсюдження і т.п. (П) | Тернопіль |
| Дата публікації, розповсюдження і т.п. (П) | 2012 |
| 300 ## - Фізичний опис | |
| Обсяг | 20 с. |
| 502 ## - Примітка про дисертацію | |
| Зв'язок | Автореферат дисертації на здобуття наукового ступеня кандидата історичних наук<br/> |
| Наймення інституції, що представляється | Тернопільський національний педагогічний університет імені Володимира Гнатюка |
| Рік отримання вченого ступеня | 2012 |
| 520 ## - Резюме і т.п. | |
| Резюме, реферат, анотація, тощо (НП) | У дисертації здійснено комплексне дослідження громадської і наукової діяльності Євгена Храпливого в першій половині XX ст. Основну увагу приділено змісту, формам і напрямкам цієї діяльності. Розглянуто процес становлення світогляду, громадської та наукової діяльності. Охарактеризовано діяльність Є. Храпливого у молодіжних громадсько-патріотичних організаціях та національному русі у роки Першої світової війни; висвітлено основні напрямки його наукової діяльності та її значення для української науки; досліджено вплив Є. Храпливого на становлення кооперативного руху в Східній Галичині; висвітлено його талант публіциста, журналіста і видавця науково-популярної та періодичної літератури для селян; з’ясовано роль Є. Храпливого у розбудові фахового хліборобського шкільництва; визначено місце Є. Храпливого в історії сучасної вітчизняної економічної науки. |
| 650 ## - Додаткове предметне введення – тематичний термін | |
| Джерело заголовка чи терміна | UDC |
| Тематичний термін чи географічна назва, як елемент введення (НП) | 94 Історія |
| 942 ## - Додаткові елементи входу (Коха) | |
| Source of classification or shelving scheme | Universal Decimal Classification |
| Тип елемента Koha | Автореферат |
| 955 ## - Код типу видання за змістом | |
| Код типу видання за змістом (НП) | Наукові видання |
Немає доступних примірників.